书目信息 |
| 题名: |
公共关系原理与实务
|
|
| 作者: | 何伟祥 编著 | |
| 分册: | ||
| 出版信息: | 大连 东北财经大学出版社 2006.01 |
|
| 页数: | 297页 | |
| 开本: | 23cm | |
| 丛书名: | ||
| 单 册: | ||
| 中图分类: | C912.3 | |
| 科图分类: | ||
| 主题词: | 公共关系学--gong gong guan xi xue--高等学校:技术学校--教材 | |
| 电子资源: | ||
| ISBN: | 7-81084-695-7 | |
| 000 | 00927nam0 2200241 450 | |
| 001 | 012006498187 | |
| 005 | 20060905163506.07 | |
| 010 | @a7-81084-695-7@dCNY28.00 | |
| 100 | @a20060611d2006 km y0chiy0120 ea | |
| 101 | 0 | @achi |
| 102 | @aCN@b210000 | |
| 105 | @aa z 000yy | |
| 200 | 1 | @a公共关系原理与实务@Agong gong guan xi yuan li yu shi wu@f何伟祥编著@Fhe wei xiang bian zhu |
| 205 | @a第2版 | |
| 210 | @a大连@c东北财经大学出版社@d2006.01 | |
| 215 | @a297页@c图@d23cm | |
| 300 | @a高职高专教育市场营销专业教材新系 | |
| 330 | @a本教材综合工商企业公关运作中的实际问题,从原理、实务、技能三方面分别介绍公共关系的概念原则,发展过程等基本原理。公共关系对象及实务运作过程,以及公关专项技能,并辅以较多的公关案例分析。 | |
| 606 | 0 | @a公共关系学@Agong gong guan xi xue@x高等学校:技术学校@j教材 |
| 690 | @aC912.3@v4 | |
| 701 | 0 | @a何伟祥@Ahe wei xiang@4编著 |
| 801 | 0 | @aCN@bQSSK@c20060905 |
| 905 | @a10447@dC912.3@eH217 | |
| 公共关系原理与实务/何伟祥编著.-第2版.-大连:东北财经大学出版社,2006.01 |
| 297页:图;23cm |
| 高职高专教育市场营销专业教材新系 |
| ISBN 7-81084-695-7:CNY28.00 |
| 本教材综合工商企业公关运作中的实际问题,从原理、实务、技能三方面分别介绍公共关系的概念原则,发展过程等基本原理。公共关系对象及实务运作过程,以及公关专项技能,并辅以较多的公关案例分析。 |
| ● |
| 相关链接 |
|
|
|
正题名:公共关系原理与实务
索取号:C912.3/H217
 
预约/预借
| 序号 | 登录号 | 条形码 | 馆藏地/架位号 | 状态 | 备注 |
| 1 | 585106 | 205851069 | 社科库509/509社科库 59排1列2层/ [索取号:C912.3/H217] | 在馆 | |
| 2 | 585107 | 205851078 | 社科库509/509社科库 59排1列2层/ [索取号:C912.3/H217] | 在馆 | |
| 3 | 585108 | 205851087 | 社科库509/509社科库 59排1列2层/ [索取号:C912.3/H217] | 在馆 |